000 00936nam0a22003011 4500
001 v19\rc\2026972
005 20251118181509.1
035 _a(NLR Aleph) 005107021
090 _a7452599
_c7452599
100 _a20080925d1916 u y0rusy50 ca
101 0 _arus
102 _aRU
105 _aa z |||||
200 1 _aРастворители и коагуляторы казеина
_fС. Перов
210 _aВологда
_cтип. П.А. Цветкова
_d1916
215 _a16 с.
_cтабл.
_d17
532 1 3 _aРастворители и коагуляторы казеина
700 1 _aПеров
_bС.С.
_f1889-
_gСергей Степанович
801 0 _aRU
_bNLR
_gpsbo
801 0 _aRU
_bRuMoRGB
_2psbo
801 1 _aRU
_bProSoft-M
_2rusmarc
852 _aNLR
_j34.103.2.56
899 _aRuMoRGB
_jV 113/2437
899 _aRuMoRGB
_jW 64/1159
899 _aБАН
942 _cBOOK
980 _aNB